[Event "BAN-chT Golden Jubilee 2021-22"]
[Site "Dhaka"]
[Date "2022.03.14"]
[Round "5.23"]
[White "Mendonca, Leon Luke"]
[Black "Harshad S"]
[Result "1-0"]
[WhiteElo "2536"]
[BlackElo "2328"]
[Annotator "TA"]
[PlyCount "91"]
[EventDate "2022.03.10"]
[EventType "team-tourn"]
[EventCountry "BAN"]
[SourceTitle "playchess.com"]
[Source "ChessBase"]
[SourceQuality "1"]

{[%evp 11,91,5,14,5,35,31,58,70,72,69,76,48,69,65,48,30,160,169,159,158,193,197,204,167,154,161,181,161,175,158,158,154,160,168,166,144,156,156,160,154,413,198,222,117,124,123,130,120,186,182,186,168,255,246,258,240,227,197,271,270,330,330,359,350,672,594,673,660,659,661,660,660,594,576,637,629,629,599,1018,335,706,678]} 1. d4 Nf6 2. Nf3 e6 3. c4 Bb4+ 4. Nbd2 d5 5. e3 O-O 6. a3 Be7 7. Bd3 {E11: Bogo-Indian.} dxc4 {7...c5 is a critical line.} 8. Nxc4 c5 9. dxc5 {White is slightly better.} Bxc5 10. b4 Be7 11. Bb2 b6 12. O-O Bb7 13. Qe2 {[#]} Be4 $146 (13... Bxf3 $11 {keeps the balance.} 14. gxf3 Nd5) ({Predecessor:} 13... Nbd7 14. Rfd1 Qc7 15. Rac1 Rad8 16. Na5 Qb8 17. Nxb7 Qxb7 18. Ba6 Qb8 19. Nd4 Ne5 {1-0 (33) Smirnov,V (2261)-Bialiauski,A (1970) Minsk 2020}) 14. Bxe4 $16 Nxe4 15. Rfd1 Qc8 16. Rac1 {[%cal Oc4b6] [#] aiming for Nxb6!} Qb7 17. Nfd2 Nf6 18. Bxf6 gxf6 19. Qg4+ Kh8 20. Qf4 Nd7 21. Ne4 {Black must now prevent Ncd6.} Rac8 22. Ned6 {White is much more active.} Bxd6 23. Nxd6 (23. Qxd6 Qa6 $16) 23... Rxc1 24. Rxc1 (24. Nxb7 $2 Rxd1#) 24... Qd5 25. Qd4 {Inhibits Qd2.} Qa8 (25... Qxd4 $16 26. exd4 Kg7) 26. Ne4 (26. Rc7 $142 Ne5 27. f4) 26... Rg8 27. Qxd7 ({White should play} 27. Ng3 $18 Ne5 28. f4) 27... Qxe4 $18 {[%csl Gg8][%cal Re4g2][%mdl 4096] [#] Endgame KQR-KQR} 28. g3 Kg7 29. b5 (29. Qxa7 $6 Ra8 30. Qxb6 Rxa3 $14) 29... Qa4 (29... h5 $16) 30. Rc7 $36 {[%csl LRa7,LRe6,LRf7][%mdl 2048] White has strong initiative.} Rf8 31. Qxe6 Qxa3 (31... Qxb5 $142 32. Rxa7 Qh5) 32. Qg4+ Kh8 33. Qf5 Kg7 34. Kg2 {Strongly threatening Rc4.} Qd6 (34... Qb4 {was necessary.} 35. Qd5 (35. Rxa7 Re8 $16) 35... Qa4) 35. Rxa7 Rd8 36. Rb7 Kf8 37. Qe4 Rc8 $2 (37... h5 38. Qc6 Qd5+ 39. Qxd5 Rxd5 40. Rxb6 Rc5) 38. Ra7 h6 39. Qh7 {[%csl Ga7,LRf7,LRh6][%cal Rh7f7]} Rc7 40. Qxh6+ Ke7 41. Rxc7+ Qxc7 42. Qf4 Qc5 43. Qe4+ Kf8 44. Qc6 {White threatens Qxc5+ and mate.} Qe5 45. e4 $2 (45. Qxb6 Qe4+ 46. f3 Qc2+ 47. Kg1 Qc1+ 48. Kg2 Qc2+ 49. Kh3 Qf5+ 50. g4 (50. Kg2 Qc2+ $11) 50... Qxf3+ 51. Kh4 Qf2+ 52. Kh3 Qf3+ 53. Kh4 Qf2+ 54. Kh3 Qf3+ $11) (45. h4 Kg7 46. Qxb6 Qd5+ 47. Kh2) 45... f5 $2 (45... Kg7 46. h3 (46. Qxb6 Qxe4+ 47. Kf1 Qd3+ 48. Ke1 Qc3+ 49. Kf1 Qd3+ 50. Kg1 Qb1+ 51. Kg2 Qe4+ 52. f3 Qe2+ 53. Qf2 Qxb5 $16) 46... Qd4) 46. Qc8+ {Weighted Error Value: White=0.24 (precise) /Black=0.46} 1-0

[Event "BAN-chT Golden Jubilee 2021-22"]
[Site "Dhaka"]
[Date "2022.03.14"]
[Round "5.24"]
[White "Mihir Lal, Das"]
[Black "Masum, Hossain"]
[Result "1/2-1/2"]
[WhiteElo "2006"]
[BlackElo "2003"]
[Annotator "ChessBase"]
[PlyCount "85"]
[EventDate "2022.03.10"]
[EventType "team-tourn"]
[EventCountry "BAN"]
[SourceTitle "playchess.com"]
[Source "ChessBase"]
[SourceQuality "1"]
[TimeControl "40/5400+30:1800+30"]

1. Nf3 {[%emt 0:00:03]} c5 {[%emt 0:00:08]} 2. c4 {[%emt 0:00:04]} g6 {[%emt 0:00:06]} 3. g3 {[%emt 0:00:14]} Bg7 {[%emt 0:00:02]} 4. Bg2 {[%emt 0:00:03]} Nc6 {[%emt 0:00:10]} 5. O-O {[%emt 0:00:04]} e6 {[%emt 0:00:53]} 6. Nc3 {[%emt 0:00:22]} Nge7 {[%emt 0:00:23]} 7. e3 {[%emt 0:06:58]} O-O {[%emt 0:00:25]} 8. d4 {[%emt 0:00:23]} cxd4 {[%emt 0:01:20]} 9. exd4 {[%emt 0:01:06]} d5 {[%emt 0:00:03]} 10. cxd5 {[%emt 0:04:00]} Nxd5 {[%emt 0:00:19]} 11. Re1 {[%emt 0:13:17]} Nb6 {[%emt 0:08:51]} 12. Bg5 {[%emt 0:01:19]} Qd6 {[%emt 0:05:14]} 13. Ne4 {[%emt 0:09:20]} Qb4 {[%emt 0:04:49]} 14. b3 {[%emt 0:07:03]} Nd5 {[%emt 0:03:25]} 15. Rc1 {[%emt 0:09:36]} h6 {[%emt 0:25:49]} 16. Rc4 {[%emt 0:44:38]} Qb6 {[%emt 0:01:03]} 17. Bc1 {[%emt 0:00:00]} Rd8 {[%emt 0:00:33]} 18. Qe2 {[%emt 0:01:00]} Nde7 {[%emt 0:06:49]} 19. Bb2 {[%emt 0:00:00]} Nf5 {[%emt 0:00:30]} 20. Rd1 {[%emt 0:00:00]} Nfxd4 {[%emt 0:06:15]} 21. Nxd4 {[%emt 0:00:00]} Nxd4 {[%emt 0:00:07]} 22. Bxd4 {[%emt 0:00:00]} Rxd4 {[%emt 0:00:19]} 23. Rcxd4 {[%emt 0:00:00]} Bxd4 {[%emt 0:01:48]} 24. Qd2 {[%emt 0:00:00]} e5 {[%emt 0:04:57]} 25. Qxh6 {[%emt 0:00:00]} Bg4 {[%emt 0:07:23]} 26. Rf1 {[%emt 0:00:00]} Rd8 {[%emt 0:04:32]} 27. Qh4 {[%emt 0:02:39]} Bf5 {[%emt 0:04:37]} 28. Nf6+ {[%emt 0:00:28]} Kg7 {[%emt 0:00:29]} 29. Nd5 {[%emt 0:00:41]} Qd6 {[%emt 0:03:49]} 30. Ne3 {[%emt 0:00:08]} Bd3 {[%emt 0:08:42]} 31. Re1 {[%emt 0:00:19]} Rh8 {[%emt 0:00:09]} 32. Qg4 {[%emt 0:00:44]} f5 {[%emt 0:00:15]} 33. Qd1 {[%emt 0:01:23]} e4 {[%emt 0:00:26]} 34. Nc4 {[%emt 0:00:43]} Qc5 {[%emt 0:00:14]} 35. Qd2 {[%emt 0:00:15]} Bxc4 {[%emt 0:01:53]} 36. bxc4 {[%emt 0:00:01]} Rd8 {[%emt 0:00:02]} 37. Qc2 {[%emt 0:00:26]} b5 {[%emt 0:00:10]} 38. Rc1 {[%emt 0:00:36]} bxc4 {[%emt 0:00:03]} 39. Bf1 {[%emt 0:01:17]} c3 {[%emt 0:00:36]} 40. Kg2 {[%emt 0:00:00]} Bf6 {[%emt 0:00:00]} 41. Be2 {[%emt 0:01:26]} e3 {[%emt 0:00:55]} 42. fxe3 {[%emt 0:02:18]} Qxe3 {[%emt 0:00:15]} 43. Rd1 {[%emt 0:01:00]} 1/2-1/2

[Event "BAN-chT Golden Jubilee 2021-22"]
[Site "Dhaka"]
[Date "2022.03.15"]
[Round "6.1"]
[White "Idani, Pouya"]
[Black "Rahman, Syed Mahfuzur"]
[Result "1-0"]
[WhiteElo "2621"]
[BlackElo "2099"]
[Annotator "TA"]
[PlyCount "121"]
[EventDate "2022.03.10"]
[EventType "team-tourn"]
[EventCountry "BAN"]
[SourceTitle "playchess.com"]
[Source "ChessBase"]
[SourceQuality "1"]

{[%evp 9,121,6,25,0,0,0,2,-17,23,5,10,-10,-10,-6,0,-4,0,0,0,0,0,-17,-17,-20,62,51,83,87,92,95,106,84,78,78,110,-20,62,54,61,56,63,58,155,64,152,121,102,111,190,132,134,133,133,127,126,129,129,135,125,137,145,145,150,141,177,0,140,97,106,99,241,155,137,112,131,94,86,0,122,112,241,83,148,111,141,136,118,101,376,349,440,126,125,123,126,123,125,117,231,220,593,560,626,495,489,489,489,463,29968,29964,29986,29982,29973,12337]} 1. e4 e5 2. Nf3 Nc6 3. Bb5 Nf6 4. d3 Bc5 5. Nbd2 d6 6. a4 {[#] C65: Ruy Lopez: Berlin Defence (3...Nf6), unusual lines and 4 0-0 Bc5.} a5 $146 ({Predecessor:} 6... a6 7. Bxc6+ bxc6 8. Nb3 Ba7 9. Na5 Bd7 10. O-O h6 11. Qe2 O-O 12. h3 Nh5 13. Nxe5 {1-0 (55) Braun,C (2397)-Mueller,N (2175) Saarbruecken 2015}) 7. O-O O-O 8. c3 {The position is equal.} Bd7 9. Nc4 h6 10. Rb1 Re8 11. h3 Ba7 12. Nfd2 d5 13. exd5 Nxd5 14. Qf3 Nde7 15. Nb3 Bf5 16. Rd1 (16. Ncxa5 Nxa5 17. Nxa5 c6 18. Nxc6 (18. Nxb7 $2 Qd7 $17) 18... bxc6 19. Bxc6 Nxc6 20. Qxf5 Ne7 $17) 16... Bd7 (16... Be6 $1 $11) 17. Be3 $14 Bxe3 18. Nxe3 b6 19. d4 (19. Bc4 Rf8 $14) 19... Qc8 20. Rbc1 exd4 21. cxd4 Nb4 22. Nc4 (22. d5 $1 $16 {[%cal Rd5d6]}) 22... Qd8 (22... Bxb5 $11 23. Nd6 Qd8 24. Qxf7+ Kh8 25. Nxb5 Ned5) 23. Ne5 $36 {[%csl LRd7,LRf7][%mdl 2048] White fights for an advantage.} Bxb5 24. Qxf7+ (24. axb5 f6 25. Ng4 Qd5 $17) 24... Kh7 25. axb5 Qd6 (25... Rc8 $14) 26. Qf3 (26. Nd2 $1 $16 {[%cal Rd2e4] And now Ne4 would win.} Rf8 27. Qc4) 26... a4 (26... Qd5 $14) 27. Qe4+ Kg8 28. Nd2 Rad8 (28... Nbd5 $16 {was called for.}) 29. Ndf3 (29. Rc4 $18) 29... Nbd5 $16 30. Rc4 {To avoid Qb4} a3 31. bxa3 Qxa3 32. Qc2 {Inhibits Nc3.} Ra8 33. Re1 Qd6 34. Nd2 Rf8 35. Ne4 Qe6 36. Nc3 Qf5 37. Ne4 Qe6 $1 38. Ng3 (38. Qb3 $142) 38... Ra5 39. Qb3 Kh7 (39... Rfa8 $16) 40. Qb1+ Kg8 41. Rcc1 Qf6 42. Nf3 {Active counter play!} Qd6 43. Ne5 {To avoid Qd7} Qf6 $1 44. Qb2 {aiming for Nd7.} Qf4 (44... Rfa8 $16 45. Ne4 Qf5) 45. Nd3 $2 (45. Re4 $1 $18 {[%cal Re4f4] and White stays clearly on top.} Ra2 46. Qxa2 Qxc1+ 47. Kh2) 45... Qd6 (45... Qf7 $142) 46. Ra1 Rfa8 47. Rxa5 $1 Rxa5 48. Ne5 {Strongly threatening Nc4.} Qa3 $2 {[%mdl 8192] [#]} (48... Ra8 $16) 49. Qe2 $1 $18 Qc3 50. Nf3 $2 (50. Nc6 $18) 50... Ra1 $16 51. Qe6+ Kh7 52. Rxa1 Qxa1+ 53. Kh2 Qb1 {To avoid Nf5} (53... Qa8 $16 54. Qe4+ Kg8) 54. Ne5 $18 {Black must now prevent Qf7.} Qb2 $2 {[#]} (54... Qb4 {is more resistant.} 55. Nh5 (55. Nf5 Qd2 $16) 55... Qxd4) 55. Nc6 $1 ({Worse is} 55. Nf5 Qxf2 56. Nxe7 Qf4+ 57. Kh1 Qf1+ 58. Kh2 Qf4+ 59. Kg1 (59. Kh1 Qc1+ 60. Kh2 Qf4+ $11) 59... Qc1+ 60. Kh2 Qf4+ $11) 55... Nxc6 56. Qe4+ ({Inferior is} 56. Qxc6 Qxd4 57. Qc2+ Kh8 $11) ({Weaker is} 56. Qxd5 Nxd4 57. Qe4+ Kh8 $11) (56. bxc6 Qxd4 57. Nh5 b5 $11) 56... Kh8 {Hoping for ...Nce7.} 57. bxc6 {[%cal Bb5c6,Bc6c7][%mdl 32]} Nf6 58. Qf4 Qc3 (58... Kh7 $18 59. Qxc7 Qxd4) 59. Qxc7 {White mates.} Qxd4 60. Qc8+ Kh7 61. c7 {Weighted Error Value: White=0.35/Black=0.44} 1-0

[Event "BAN-chT Golden Jubilee 2021-22"]
[Site "Dhaka"]
[Date "2022.03.15"]
[Round "6.2"]
[White "Panesar Vedant"]
[Black "Mchedlishvili, Mikheil"]
[Result "0-1"]
[WhiteElo "2379"]
[BlackElo "2587"]
[Annotator "TA"]
[PlyCount "86"]
[EventDate "2022.03.10"]
[EventType "team-tourn"]
[EventCountry "BAN"]
[SourceTitle "playchess.com"]
[Source "ChessBase"]
[SourceQuality "1"]

{[%evp 18,86,31,20,38,0,0,0,0,-58,-55,-102,-104,-116,-112,-136,-132,-120,-134,-221,-216,-211,-232,-217,-212,-225,-233,-327,-330,-336,-314,-302,-256,-245,-223,-372,-332,-320,-328,-418,-346,-456,-461,-434,-429,-436,-416,-439,-413,-477,-474,-565,-552,-535,-461,-526,-542,-504,-477,-690,-659,-739,-529,-567,-568,-737,-746,-2891,-2263,-2240,-1667]} 1. d4 {[%cal Bd2d4,Bd4d5][%mdl 32]} d6 2. Nf3 g6 3. c4 Bg7 4. e4 c5 5. d5 Nf6 6. Nc3 O-O 7. Be2 e6 8. O-O Re8 9. dxe6 Bxe6 10. Bf4 Qb6 {E91: King's Indian: Classical: 6 Be2, unusual replies including 6...c5 and 6...Bg4.} 11. Bxd6 Rd8 $1 12. e5 {Threatens to win with Na4.} Ne8 {[%cal Re8d6] [#] The position is equal.} 13. Ne4 $146 ({Better is} 13. Qd2 $11) ({Predecessor:} 13. Na4 Qc6 14. b4 cxb4 15. c5 Qc8 16. Nd4 Nxd6 17. Nxe6 fxe6 18. exd6 Bxa1 19. Qxa1 {0-1 (61) Beliavsky,A (2640)-De Firmian,N (2570) Reggio Emilia 1989}) 13... Nc6 $15 {[%cal Oc6e5]} 14. Qb3 (14. Bd3 $15) 14... Nxd6 $17 15. exd6 Bf5 {[%cal Be6f5,Bf5c2,Bc2b3][%mdl 32] This bishop pair is nice.} 16. Ng3 {[#]} Qxb3 $1 (16... Rxd6 17. Nxf5 Qxb3 18. axb3 $15) 17. axb3 {[#]} Bc2 (17... Bxb2 $6 18. Nxf5 gxf5 19. Rab1 $11) 18. Ne1 (18. Ra3 $17 {was called for.}) 18... Bxb3 $19 19. Ne4 Nd4 ({But not} 19... Bxb2 20. Rb1 $16) 20. Bd3 b6 21. Nd2 Rxd6 {[%cal Od4e2]} 22. Be4 (22. Ra3 {might work better.} Bd1 23. Ne4) 22... Ne2+ 23. Kh1 {[#]} Rxd2 24. Bxa8 Bxc4 ({Stronger than} 24... Bxb2 25. Nf3 Rc2 26. Rxa7 Bxc4 27. Be4 $17) 25. Nf3 Rxb2 {Hoping for ...a5.} 26. Rfb1 (26. Rxa7 $142 Nd4 27. Rd1) 26... Rxb1+ 27. Rxb1 Nd4 28. Re1 Kf8 {To avoid Re8+} 29. Nd2 Be6 30. Ne4 h6 31. Nd6 Bf6 32. Bb7 a5 {[%cal Ba7a5,Ba5a4][%mdl 32]} 33. Rb1 Bd8 {Black is clearly winning.} 34. Ba6 a4 35. Ra1 Be7 36. Nb5 Bd7 37. Nc3 b5 38. Nd5 (38. Nxb5 $142 Nxb5 39. Rxa4) 38... Bc6 39. Nc3 c4 {...a3 is the strong threat.} 40. Rd1 Bf6 {White must now prevent ...a3.} 41. Rb1 a3 42. Kg1 {[#]} Nf3+ $1 {[%mdl 512]} 43. gxf3 Bxc3 {Black took control after the opening.  Weighted Error Value: White=0.74/Black=0.13 (very precise)} 0-1

[Event "BAN-chT Golden Jubilee 2021-22"]
[Site "Dhaka"]
[Date "2022.03.15"]
[Round "6.3"]
[White "Hossain, Enamul"]
[Black "Harshad S"]
[Result "1-0"]
[WhiteElo "2410"]
[BlackElo "2328"]
[Annotator "TA"]
[PlyCount "65"]
[EventDate "2022.03.10"]
[EventType "team-tourn"]
[EventCountry "BAN"]
[SourceTitle "playchess.com"]
[Source "ChessBase"]
[SourceQuality "1"]

{[%evp 14,65,12,0,6,5,18,15,29,0,31,18,27,29,31,8,40,20,71,36,52,38,33,8,0,19,14,14,90,92,82,75,80,75,90,86,94,93,108,109,100,103,29992,29993,29993,29994,29994,29995,29995,29996,29996,29997,29997,29998]} 1. e4 c5 2. Nf3 d6 3. c3 Nf6 4. h3 g6 5. Bd3 Bg7 6. Bc2 O-O 7. O-O Nc6 8. Re1 b5 {B50: Sicilian: 2...d6, Miscellaneous.} 9. d4 cxd4 10. cxd4 Bb7 {The position is equal.} 11. a3 {Prevents Nb4.} Nd7 12. Be3 {[#]} Rc8 $146 ({Predecessor:} 12... a6 13. Qd2 Rc8 14. Bh6 Qb6 15. Bxg7 Kxg7 16. Nc3 Na5 17. Qg5 e6 18. Bd3 Nb3 {½-½ (28) Torres Ventosa,P (2023)-Saad Addin Quintana,S Las Palmas 2005}) 13. Nbd2 Nb6 14. Rb1 Na5 15. b3 Nc6 (15... e6 $11) 16. Bd3 (16. d5 $5 {[%cal Rd5c6]} Ne5 17. Nd4 $14) 16... a6 17. Qe2 e5 18. d5 Nd4 19. Bxd4 exd4 20. a4 Kh8 (20... f5 $11 {keeps the balance.}) 21. axb5 $16 axb5 22. Bxb5 f5 23. Bc6 $36 {[%mdl 2048] White has strong initiative.} Bxc6 24. dxc6 Rxc6 25. exf5 gxf5 26. Qe6 {Prevents Nd5.} Qc8 27. Ng5 {Threatens to win with Nf7+. White is more active.} h6 $2 {[%mdl 8192] [#] Loses the game.} (27... Qxe6 $16 28. Nxe6 Re8) 28. Qg6 $1 {[%csl Gg5][%cal Rg6h7] White mates.} hxg5 29. Re7 {[%csl Ge7][%cal Rg6g7]} Rf7 30. Qh5+ Bh6 31. Qxh6+ Kg8 32. Qg6+ Kh8 33. Qh5+ {Weighted Error Value: White=0.08 (flawless) /Black=0.54} 1-0

[Event "BAN-chT Golden Jubilee 2021-22"]
[Site "Dhaka"]
[Date "2022.03.15"]
[Round "6.4"]
[White "Mihir Lal, Das"]
[Black "Reefat, Bin-Sattar"]
[Result "0-1"]
[WhiteElo "2006"]
[BlackElo "2371"]
[Annotator "TA"]
[PlyCount "81"]
[EventDate "2022.03.10"]
[EventType "team-tourn"]
[EventCountry "BAN"]
[SourceTitle "playchess.com"]
[Source "ChessBase"]
[SourceQuality "1"]

{[%evp 10,81,20,12,31,0,0,0,28,-13,0,0,46,55,59,55,123,35,56,13,32,19,46,30,41,0,12,11,17,16,49,39,116,101,232,213,256,124,125,127,139,137,266,281,358,268,241,244,245,100,105,51,41,-17,-17,-38,-28,-35,-9,-47,0,-128,-133,-154,-52,-23,-34,-891,-879,-935,-947,-945,-931,-1927]} 1. Nf3 d5 2. g3 Nc6 3. d4 Bf5 4. Bg2 Nb4 5. Na3 e6 6. O-O h6 {D02: 1 d4 d5 2 Nf3 sidelines, including 2...Nf6 3 g3 and 2...Nf6 3 Bf4.} 7. c4 Nf6 8. Ne5 {[#]} a5 $146 {The position is equal.} ({Predecessor:} 8... c6 9. Qb3 a5 10. c5 b6 11. cxb6 a4 12. Qc3 Qxb6 13. Be3 Be7 14. Rfc1 O-O {0-1 (58) Schmidt,P (2392)-Berczes,D (2494) Austria 2018}) 9. Qa4+ (9. Nb5 $142) 9... c6 $11 10. c5 Nd7 (10... Ng4 $11) 11. Nxd7 $14 Kxd7 12. Bd2 b5 (12... h5 $14) 13. Qb3 (13. cxb6 $1 $16 {Hoping for b7.} Qxb6 14. Rfc1) 13... Na6 14. Rac1 (14. Nxb5 a4 15. Qxa4 Nc7 $11) (14. Nc2 $14) 14... a4 15. Qd1 Be7 16. Nc2 Bf6 17. Bf4 Bg5 18. Qd2 Bxf4 19. Qxf4 {Threatens to win with Qd6+.} Qb8 {To avoid Qd6+} 20. Qd2 b4 (20... h5 $14) 21. e4 Bh7 (21... Bxe4 $16 {keeps fighting.} 22. Bxe4 dxe4) 22. exd5 $18 cxd5 23. c6+ (23. f4 $18) 23... Ke7 24. Ne3 {[%cal Og2d5]} Nc7 25. f4 Rd8 (25... f5 $16 26. g4 g6) 26. f5 exf5 27. Nxf5+ Bxf5 28. Rxf5 f6 29. Qe2+ (29. Qc2 $18 {and White stays clearly on top.}) 29... Kf8 $16 30. Qh5 (30. Re1 $6 Re8 31. Qf2 Rxe1+ 32. Qxe1 Qb6 $11) (30. Qe5 $1 $16) 30... Rd6 $14 31. Re1 {Inhibits Qe8.} ({White should play} 31. Bxd5 $14 Qe8 32. Qxe8+ Kxe8 33. Bf3 (33. Re1+ Kf8 $14)) 31... Qb6 $11 32. Qg4 ({Don't go for} 32. Bxd5 $2 Qxd4+ 33. Rf2 Nxd5 $19) 32... Qxc6 33. Qg6 ({Much worse is} 33. Qe2 Re8 34. Qf2 Rxe1+ 35. Qxe1 Qc4 $17) 33... Re8 34. Ref1 Qb6 (34... Kg8 $15 {is more appropriate.} 35. R5f2 Re7) 35. Qh7 (35. R5f4 $1 $11) 35... Qxd4+ $17 36. Kh1 {[#]} Ne6 ({Inferior is} 36... Qxb2 37. Bf3 $14) (36... Qc4 $1 $17 {White must now prevent ...d4.} 37. R5f2 b3 38. axb3 axb3) 37. Bf3 $15 {Strongly threatening Re1.} Ke7 (37... Ng5 $2 {[#]} 38. Rxg5 $1 {[%mdl 512]} hxg5 39. Qh8+ Ke7 40. Re1+ Re6 41. Rxe6+ Kxe6 42. Qxe8+ Kd6 43. Qd8+ Kc6 44. Qc8+ Kd6 45. Qf8+ Kc6 46. Qe8+ Kd6 47. Qf8+ Kc6 48. Qe8+ Kd6 $18) 38. Bg4 $2 {[%mdl 8192]} Qxg4 $19 {Black is clearly winning.} 39. Rxf6 Qe4+ 40. Qxe4 dxe4 41. Kg1 {Never resign too early!  Weighted Error Value: White=0.51/Black=0.28 (precise)} 0-1

[Event "BAN-chT Golden Jubilee 2021-22"]
[Site "Dhaka"]
[Date "2022.03.15"]
[Round "6.5"]
[White "abzid, Rahman"]
[Black "Chowdhury, Sohel"]
[Result "1/2-1/2"]
[WhiteElo "2106"]
[BlackElo "2046"]
[Annotator "NA"]
[PlyCount "68"]
[EventDate "2022.03.10"]
[EventType "team-tourn"]
[EventCountry "BAN"]
[SourceTitle "playchess.com"]
[Source "ChessBase"]
[SourceQuality "1"]
[TimeControl "40/5400+30:1800+30"]

1. d4 {[%emt 0:00:52]} d5 {[%emt 0:00:08]} 2. Nf3 {[%emt 0:00:18]} Nf6 {[%emt 0:00:13]} 3. e3 {[%emt 0:00:09]} e6 {[%emt 0:01:26]} 4. Bd3 {[%emt 0:00:07]} c5 {[%emt 0:01:50]} 5. b3 {[%emt 0:00:09]} Nc6 {[%emt 0:01:29]} 6. Bb2 {[%emt 0:00:24]} Be7 {[%emt 0:02:13]} 7. O-O {[%emt 0:00:17]} O-O {[%emt 0:00:07]} 8. a3 {[%emt 1:32:14]} b6 {[%emt 0:01:27]} 9. Nbd2 {[%emt 0:00:00]} Bb7 {[%emt 0:00:14]} 10. Qe2 {[%emt 0:00:00]} cxd4 {[%emt 0:07:15]} 11. exd4 {[%emt 0:00:00]} Rc8 {[%emt 0:06:56]} 12. Ne5 {[%emt 0:00:00]} Qc7 {[%emt 0:14:15]} 13. Rac1 {[%emt 0:00:00]} Bd6 {[%emt 0:07:20]} 14. f4 {[%emt 0:00:00]} Qe7 {[%emt 0:01:06]} 15. b4 {[%emt 0:00:00]} g6 {[%emt 0:08:13]} 16. Rf3 {[%emt 0:00:00]} Nh5 {[%emt 0:04:59]} 17. g4 {[%emt 0:00:00]} Ng7 {[%emt 0:01:34]} 18. Re1 {[%emt 0:00:00]} Rfe8 {[%emt 0:13:29]} ({Better is} 18... f6 $11) 19. Qf2 {[%emt 0:00:00]} f5 {[%emt 0:07:54]} 20. Nxc6 {[%emt 0:00:00]} Bxc6 {[%emt 0:00:47]} 21. g5 {[%emt 0:00:00]} Nh5 {[%emt 0:02:01]} 22. h4 {[%emt 0:00:00] [#]} Qc7 {[%emt 0:00:52]} (22... h6 $1 $17 23. gxh6 Qh7) 23. Rf1 $1 $11 {[%emt 0:00:00]} Qd7 {[%emt 0:02:27]} 24. Qe2 {[%emt 0:00:00]} Qc7 {[%emt 0:01:28]} 25. Qe3 $17 {[%emt 0:00:00]} Qd7 {[%emt 0:00:36]} 26. Ba6 {[%emt 0:00:00]} Bb7 {[%emt 0:01:12]} 27. Bd3 {[%emt 0:00:00]} Bc6 {[%emt 0:00:03]} 28. Ba6 {[%emt 0:00:34]} Bb7 {[%emt 0:00:02]} 29. Bd3 {[%emt 0:00:12]} Bc6 {[%emt 0:00:05]} 30. Qe2 {[%emt 0:00:26]} Qc7 {[%emt 0:00:28]} 31. Ba6 {[%emt 0:06:34]} Bb7 {[%emt 0:00:07]} 32. Bb5 {[%emt 0:03:03]} Bc6 {[%emt 0:00:18]} 33. Ba6 {[%emt 0:01:02]} Bb7 {[%emt 0:00:06]} 34. Bb5 {[%emt 0:00:10]} Bc6 {[%emt 0:00:07]} 1/2-1/2

[Event "BAN-chT Golden Jubilee 2021-22"]
[Site "Dhaka"]
[Date "2022.03.15"]
[Round "6.6"]
[White "Harsha Bharathakoti"]
[Black "Srijit Paul"]
[Result "1-0"]
[WhiteElo "2499"]
[BlackElo "2419"]
[Annotator "TA"]
[PlyCount "65"]
[EventDate "2022.03.10"]
[EventType "team-tourn"]
[EventCountry "BAN"]
[SourceTitle "playchess.com"]
[Source "ChessBase"]
[SourceQuality "1"]

{[%evp 15,65,20,16,12,19,6,12,0,8,-16,-18,-14,0,0,0,-54,-11,-57,-62,-56,-48,-59,-54,-63,334,318,314,320,346,339,389,373,490,492,741,736,734,726,879,857,5801,5506,29990,29991,29991,29992,29992,732,696,686,639,630]} 1. d4 f5 2. c4 Nf6 3. Nf3 g6 4. g3 Bg7 5. Bg2 O-O 6. O-O d6 7. Nc3 c6 {outshines the older 7...Qe8.} 8. Qb3 Na6 {[%cal Bb8a6,Ba6c7,Bc7e6][%mdl 32]} 9. c5+ {A88: Dutch Defence: Leningrad System: 5 Nf3 0-0 6 0-0 d6 7 Nc3 c6.} Kh8 10. cxd6 exd6 {[%cal Be7d6,Bd6d5][%mdl 32]} 11. Bf4 {The position is equal.} Nc7 {[#]} 12. Qa3 $146 ({Predecessor:} 12. Rad1 Ncd5 13. Bg5 Qb6 14. Qc2 Be6 15. Bxf6 Bxf6 16. e4 Nxc3 17. bxc3 fxe4 18. Qxe4 Bxa2 {0-1 (30) Rebole Arbea,J (2217)-Herraiz Hidalgo,H (2450) Mondariz 2002}) 12... Ne4 13. Rad1 Ne6 14. Bc1 d5 15. Qa4 (15. e3 $11) 15... f4 (15... b5 $15 {is superior.} 16. Qc2 b4) 16. Qc2 (16. Nxe4 $11 dxe4 17. Ne5) 16... N4g5 $1 $15 17. Nxg5 Qxg5 18. e4 {[%cal Be2e4,Be4d5,Bd5e6][%mdl 32]} Qh5 {aiming for ...f3.} (18... Bxd4 $2 19. exd5 cxd5 20. Nxd5 $16) 19. exd5 f3 $2 {[%mdl 8192] Loses the game.} 20. dxe6 $18 fxg2 21. Rfe1 Re8 22. d5 cxd5 23. Rxd5 {Really sharp!} Qf3 24. Rd6 Bf8 {[#]} (24... b6 $142 25. Nb5 Bf8) 25. Qa4 $1 {[%mdl 512]} b5 26. Qxb5 Bxd6 27. Qxe8+ Kg7 28. Bf4 {Intending Qf7+ and mate.} Bxf4 29. Qf7+ {[%mdl 64] Pin} Kh6 30. Qf8+ {[%mdl 64] Pin} Kh5 {[#]} 31. Qxf4 (31. Nd5 $142 $1 {[%mdl 512]} Bd6 (31... Qxf2+ 32. Kxf2) 32. Qxf3+ Kh6 33. e7 Bh3 34. e8=Q Rxe8 35. Rxe8 Bg4 36. Qxg4) 31... Qxf4 32. gxf4 Bb7 33. e7 {Weighted Error Value: White=0.14 (very precise) /Black=0.76} 1-0